| 000 | 00696nam a2200229Ia 4500 | ||
|---|---|---|---|
| 008 | 160319s9999 xx 000 0 und d | ||
| 245 | _aKitty and the beast / | ||
| 245 | _cMetro-Goldwyn-Mayer Studios ; written by Phil Harnage ... [et al.] ; produced and directed by Michael Maliani. | ||
| 260 | _aSanta Monica, CA : | ||
| 260 | _bMGM Home Entertainment, | ||
| 260 | _c1987 | ||
| 300 | _avideodisc | ||
| 300 | _bsound, colored ; | ||
| 300 | _c4 3/4 in. | ||
| 650 | _aAnimated films. | ||
| 650 | _aChildren's films. | ||
| 650 | _aFairy tales -- | ||
| 650 | _aFilms for the hearing impaired. | ||
| 650 | _aKittens -- | ||
| 650 | _xJuvenile films. | ||
| 650 | _xJuvenile films. | ||
| 999 |
_c292678 _d292678 |
||